01049nam a2200301Ia 450000500170000000800410001702000180005802000150007604100080009110000420009924500650014125000360020630000250024249000110026753400450027865000390032365000440036265000490040665000480045565000300050365000520053326400280058533600270061333700330064033800280067304000350070108400110073620220317001831.0170410s9999 xx 000 0 und d a9789584236340 a9584236342 aspa1 aTolkien, John Ronald Reveld1892-197313aEl señor de los anillos, IIblas dos torrescJ.R.R Tolkien a1a. edición, 2a reimpresión a476 páginasc19 cm aBooket tThe Lord of the rings II. The two towers142LEMBaNovela sudafricnaySiglo XIX142LEMBaLiteratura sudafricanaySiglo XIX142LEMBaMitología nórdica en la literatura142LEMBaMundos fantásticos en la literatura142LEMBaNovela fantástica142LEMBaPersonajes fantásticos en la literatura aBogotábPlanetac2014 atextobtxt2rdacontent asin mediaciónbn2rdamedia avolumenbnc2rdacarrier aCO-BoRNBPbspaerdacCO-BoRNBP aN TOL3